00650nam a22001577a 4500003000500000038000900005082001300014100005800027245017400085260003800259300000900297440005700306500001700363650005400380700005800434NUST aIESE a628bLAT aNoor Sohail Latif, Khola Saeed Raja, Syed Hasan Abbas aComparitive study of the impacts of magnetized and unmagnetized groundwater on irriagation system and agriculture cNoor Sohail Latif, Khola Saeed Raja, Syed Hasan Abbas aIslamabadbIESE (SCEE) NUSTc2020 a53p. aUG Environmental Engineering  aThesis UG EE aEnvironmental Engineering  4Dr. Yousuf Jamal (Supervisor)